01563nam a2200433 i 450000100060000000300080000600500170001400600190003100700150005000800410006502000270010602000180013303500230015103500240017403500250019803500210022304000310024405000210027508000100029608200180030624501270032426400460045130000410049733600310053833700330056933800430060250000220064550400290066758801290069665000360082565000420086165000150090365000180091865500270093670000340096370000380099770000320103585600620106738657FlNmELB20241216221611.0m o d | cr cnu||||||||160930s2002 ag ob 001 0 spa d a9781512931846 (e-book) z9789508020796 a(MiAaPQ)EBC4626934 a(Au-PeEL)EBL4626934 a(CaPaEBR)ebr11245716 a(OCoLC)984781993 aFINmELBbspaerdacFINmELB 4aRC455bL111 2002 a304.20 a362.1968922303aLa función social de la locura, una mirada desde el poder /cRubén Ferro, Silvina Malvarez, Mario Testa, prologuistas. 1aBuenos Aires :bEspacio Editorial,c2002. a1 recurso en línea (157 páginas) atextobtxt2rdacontent/spa acomputadorabc2rdamedia/spa arecurso en líneabcr2rdacarrier/spa aIncluye índice. aContiene bibliografía. aDescripción basada en recurso en línea; Título de la página del título en PDF (e-libro, visto September 30, 2016). 0aMental illnessxSocial aspects. 4aEnfermedad mentalxAspectos sociales. 0aSociology. 4aSociología. 4aLibros electrónicos.1 aFerro, Rubén,eprologuista.1 aMalvarez, Silviana,eprologuista.1 aTesta, Mario,eprologuista.40uhttps://elibro.net/ereader/politecnicointernacional/66907